MARC details
| 000 -LEADER |
| fixed length control field |
01377nam a2200253 a 4500 |
| 008 - FIXED-LENGTH DATA ELEMENTS--GENERAL INFORMATION |
| fixed length control field |
120416s1984 ||||||||||||||||| || u |
| 020 ## - INTERNATIONAL STANDARD BOOK NUMBER |
| International Standard Book Number |
0409950750 |
| 050 ## - LIBRARY OF CONGRESS CALL NUMBER |
| Classification number |
HV 7431 Pur |
| 100 ## - MAIN ENTRY--PERSONAL NAME |
| Personal name |
Purpura, Philip P., 1950- |
| 245 10 - TITLE STATEMENT |
| Title |
Security and loss prevention |
| 260 ## - PUBLICATION, DISTRIBUTION, ETC. |
| Place of publication, distribution, etc. |
Boston: |
| Name of publisher, distributor, etc. |
Butterworth |
| Date of publication, distribution, etc. |
1984 |
| 300 ## - PHYSICAL DESCRIPTION |
| Extent |
xvii, 492p. : ill |
| 350 ## - |
| -- |
0.00 |
| 500 ## - GENERAL NOTE |
| General note |
Includes index. -Bibliography: p. 481-482. |
| 650 ## - SUBJECT ADDED ENTRY--TOPICAL TERM |
| Topical term or geographic name entry element |
FIRE PREVENTION |
| 650 ## - SUBJECT ADDED ENTRY--TOPICAL TERM |
| Topical term or geographic name entry element |
EMPLOYEE THEFT--PREVENTION |
| 650 ## - SUBJECT ADDED ENTRY--TOPICAL TERM |
| Topical term or geographic name entry element |
CRIME PREVENTION--MANAGEMENT |
| 650 ## - SUBJECT ADDED ENTRY--TOPICAL TERM |
| Topical term or geographic name entry element |
BURGLARY PROTECTION |
| 995 ## - |
| -- |
ANNEX COLLECTION (Main Library) |
| -- |
0.00 |
| -- |
018940 |
| -- |
CBU-MAIN LIBRARY (Kitwe) |
| -- |
1 |
| -- |
25.95 |
| -- |
HV 7431 Pur |
| -- |
AVAILABLE |
| -- |
018940 |
| -- |
Annex Low-Usage Collection |
| 995 ## - |
| -- |
ANNEX COLLECTION (Main Library) |
| -- |
0.00 |
| -- |
018941 |
| -- |
CBU-MAIN LIBRARY (Kitwe) |
| -- |
4 |
| -- |
25.95 |
| -- |
HV 7431 Pur |
| -- |
AVAILABLE |
| -- |
018941 |
| -- |
Annex Low-Usage Collection |
| 995 ## - |
| -- |
MAIN LIBRARY OPEN ACCESS |
| -- |
0.00 |
| -- |
018939 |
| -- |
CBU-MAIN LIBRARY (Kitwe) |
| -- |
3 |
| -- |
25.95 |
| -- |
HV 7431 Pur |
| -- |
AVAILABLE |
| -- |
018939 |
| -- |
Main Library Open Access Collection |
| 995 ## - |
| -- |
ANNEX COLLECTION (Main Library) |
| -- |
0.00 |
| -- |
008669 |
| -- |
CBU-MAIN LIBRARY (Kitwe) |
| -- |
2 |
| -- |
25.95 |
| -- |
HV 7431 Pur |
| -- |
AVAILABLE |
| -- |
008669 |
| -- |
Annex Low-Usage Collection |
| 995 ## - |
| -- |
TEXTBOOKS (MIN.ENG.) |
| -- |
0.00 |
| -- |
3834 |
| -- |
CBU-SCHOOL TEXTBOOK COLLECTIONS |
| -- |
1 |
| -- |
0.00 |
| -- |
SCHOOL TEXTBOOK |
| -- |
AVAILABLE |
| -- |
Jul 20, 2009 |
| -- |
3834 |
| -- |
Main Library Open Access Collection |
| 999 ## - |
| -- |
80379 |
| -- |
80379 |